[Event "Vladivostok Meridian op rap"]
[Site "Vladivostok"]
[Date "2014.07.19"]
[Round "6"]
[White "Ovetchkin, Roman"]
[Black "Borodinov, Dmitri"]
[Result "1-0"]
[WhiteElo "2521"]
[BlackElo "2296"]
[PlyCount "31"]
[EventDate "2014.07.18"]
[EventType "swiss (rapid)"]
[EventRounds "11"]
[EventCountry "RUS"]
[SourceTitle "CBM 161 Extra"]
[Source "ChessBase"]
[SourceDate "2014.08.29"]
[SourceVersion "1"]
[SourceVersionDate "2014.08.29"]
[SourceQuality "1"]

1. d4 Nf6 2. Nf3 c5 3. d5 b5 4. Bg5 Qb6 5. a4 bxa4 6. Nc3 Qxb2 7. Bd2 Qb7 8. e4 d6 9. Rxa4 g6 10. e5 dxe5 11. Nxe5 Bg7 12. Bb5+ Nbd7 13. Bc6 Qb8 14. Bf4 Qb2 15. Nb5 0-0 16. Nd3 1-0

[Event "Vladivostok Russian Cup"]
[Site "Vladivostok"]
[Date "2012.09.20"]
[Round "4"]
[White "Borodinov, Dmitri"]
[Black "Aleksandrov, Aleksej"]
[Result "1/2-1/2"]
[WhiteElo "2242"]
[BlackElo "2591"]
[PlyCount "63"]
[EventDate "2012.09.17"]
[EventType "swiss"]
[EventRounds "9"]
[EventCountry "RUS"]
[SourceTitle "CBM 150 Extra"]
[Source "ChessBase"]
[SourceDate "2012.10.19"]
[SourceVersion "1"]
[SourceVersionDate "2012.10.19"]
[SourceQuality "1"]

1. e4 e5 2. Nf3 Nc6 3. Nc3 Nf6 4. d4 exd4 5. Nxd4 Bb4 6. Nxc6 bxc6 7. Bd3 d5 8. exd5 cxd5 9. 0-0 0-0 10. h3 Rb8 11. Bg5 c6 12. Qf3 Bd6 13. Rab1 Re8 14. b3 Be5 15. Bf4 Qd6 16. Bxe5 Qxe5 17. Rbe1 Qxe1 18. Rxe1 Rxe1+ 19. Kh2 Bd7 20. Qf4 Rc8 21. Qa4 c5 22. Qxa7 c4 23. Nxd5 cxd3 24. Nxf6+ gxf6 25. Qxd7 Rxc2 26. Qxd3 Rxa2 27. Qg3+ Kf8 28. Qd6+ Kg7 29. Qg3+ Kh8 30. Qd6 Kg7 31. Qg3+ Kh8 32. Qd6 1/2-1/2

[Event "Vladivostok Russian Cup"]
[Site "Vladivostok"]
[Date "2012.09.18"]
[Round "2"]
[White "Borodinov, Dmitri"]
[Black "Pats, Vladimir"]
[Result "1-0"]
[WhiteElo "2242"]
[BlackElo "1996"]
[PlyCount "129"]
[EventDate "2012.09.17"]
[EventType "swiss"]
[EventRounds "9"]
[EventCountry "RUS"]
[SourceTitle "CBM 150 Extra"]
[Source "ChessBase"]
[SourceDate "2012.10.19"]
[SourceVersion "1"]
[SourceVersionDate "2012.10.19"]
[SourceQuality "1"]

1. e4 c5 2. Nf3 g6 3. d4 cxd4 4. Nxd4 Bg7 5. Nc3 a6 6. Bc4 b5 7. Bd5 Ra7 8. Be3 Rc7 9. Nde2 b4 10. Na4 e6 11. Bb3 Rc6 12. Qd2 a5 13. f3 Na6 14. 0-0-0 Ne7 15. Bh6 0-0 16. h4 d5 17. h5 Bf6 18. hxg6 fxg6 19. exd5 Rd6 20. Bxf8 Qxf8 21. Kb1 Bb7 22. Qh6 Qxh6 23. Rxh6 Bg5 24. Rhh1 exd5 25. f4 Bf6 26. Nd4 Kg7 27. Rhe1 Kf7 28. Nf3 Kg7 29. g4 Kf8 30. Ne5 h5 31. gxh5 gxh5 32. Nc4 Rd8 33. Nxa5 Bc8 34. Nb6 Bg4 35. Rd2 Nc7 36. Na4 h4 37. Nc4 h3 38. Ne5 Bh4 39. Rh1 Bf5 40. Rdh2 Bg3 41. Rxh3 Bxh3 42. Rxh3 Be1 43. Rh8+ Ng8 44. Rh7 Ne6 45. Nb6 Ng7 46. Nbd7+ Ke7 47. Nc6+ Kxd7 48. Nxd8 Kxd8 49. Rxg7 Ne7 50. Rg5 d4 51. f5 Bh4 52. Rh5 Bf6 53. Rh6 Bg5 54. Rd6+ Kc7 55. Rxd4 Nc6 56. Rg4 Bd8 57. Ba4 Be7 58. Bxc6 Kxc6 59. Re4 Bf8 60. f6 Kd7 61. f7 Be7 62. c4 Kd8 63. Rd4+ Kc7 64. Rf4 Bf8 65. Re4 1-0

[Event "Khabarovsk Region-ch"]
[Site "Khabarovsk"]
[Date "2010.07.19"]
[Round "8"]
[White "Meshalkin, Yury P"]
[Black "Borodinov, Dmitri"]
[Result "0-1"]
[WhiteElo "2314"]
[BlackElo "2146"]
[PlyCount "70"]
[EventDate "2010.07.12"]
[EventType "swiss"]
[EventRounds "8"]
[EventCountry "RUS"]
[SourceTitle "EXT 2022"]
[Source "ChessBase"]
[SourceDate "2021.10.06"]
[SourceVersion "1"]
[SourceVersionDate "2021.10.06"]
[SourceQuality "1"]

1. d4 b5 2. e4 Bb7 3. Nd2 a6 4. c3 Nf6 5. f3 e6 6. Nb3 d6 7. Be3 Be7 8. Na5 Qc8 9. b4 Nbd7 10. a4 c6 11. Ne2 Bd8 12. Nxb7 Qxb7 13. a5 0-0 14. Nc1 e5 15. Nb3 d5 16. dxe5 Nxe5 17. Nc5 Qe7 18. Be2 dxe4 19. fxe4 Bc7 20. 0-0 Rfd8 21. Bd4 Nfd7 22. Qe1 Nxc5 23. Bxc5 Bd6 24. Bb6 Re8 25. Qf2 Rac8 26. Rad1 c5 27. Rd5 cxb4 28. cxb4 Rc2 29. Qd4 Bxb4 30. Rf5 Nc6 31. Qd1 Qxe4 32. Bf1 Rd2 33. Rxd2 Bxd2 34. Qf3 Qxf3 35. Rxf3 Bxa5 0-1

[Event "DV FR-ch U18 op"]
[Site "Vladivostok"]
[Date "2008.11.05"]
[Round "4"]
[White "Borodinov, Dmitri"]
[Black "Lyaskovsky, Viktor"]
[Result "0-1"]
[WhiteElo "2127"]
[BlackElo "2284"]
[PlyCount "54"]
[EventDate "2008.11.03"]
[EventType "swiss"]
[EventRounds "9"]
[EventCountry "RUS"]
[SourceTitle "EXT 2022"]
[Source "ChessBase"]
[SourceDate "2021.10.06"]
[SourceVersion "1"]
[SourceVersionDate "2021.10.06"]
[SourceQuality "1"]

1. e4 c5 2. Nf3 e6 3. Nc3 d6 4. d4 cxd4 5. Nxd4 Nf6 6. Be2 a6 7. a4 Nc6 8. Be3 Be7 9. 0-0 0-0 10. f4 Qc7 11. Nb3 b6 12. g4 Re8 13. g5 Nd7 14. Bd3 g6 15. h4 Nb4 16. h5 Bf8 17. Rf2 Nc5 18. Nxc5 bxc5 19. f5 exf5 20. Bc4 Be6 21. Bxe6 fxe6 22. hxg6 hxg6 23. Qf3 Bg7 24. exf5 exf5 25. Bf4 Bd4 26. Rd1 Qc6 27. Qh3 Ra7 0-1